Central Library OPAC University of Rajshahi

The vision splendid : (Record no. 42111)

MARC details
000 -LEADER
fixed length control field 00736nam a2200229 a 4500
001 - CONTROL NUMBER
control field 42111
003 - CONTROL NUMBER IDENTIFIER
rucl marc code BD-RjUL
005 - DATE AND TIME OF LATEST TRANSACTION
control field 20211209053509.0
008 - FIXED-LENGTH DATA ELEMENTS--GENERAL INFORMATION
fixed length control field 160609s1960 enka 001 0 eng d
035 ## - SYSTEM CONTROL NUMBER
System control number (BD-RjUL)42229
040 ## - CATALOGING SOURCE
Original cataloging agency DLC
Transcribing agency ABC
Modifying agency NYP
-- UKM
-- UKM
-- BD-RjUL
Language of cataloging eng
041 ## - LANGUAGE CODE
Language code of text/sound track or separate title eng
082 ## - DEWEY DECIMAL CLASSIFICATION NUMBER
Classification number 916.89
Author mark and year PHV 1960
100 1# - MAIN ENTRY--PERSONAL NAME
Personal name Phillips, C. E. Lucas
Fuller form of name (Cecil Ernest Lucas),
Dates associated with a name 1897-1984
9 (RLIN) 129511
245 14 - TITLE STATEMENT
Title The vision splendid :
Remainder of title the future of the Central African Federation /
Statement of responsibility, etc. C. E. Lucas Phillips
260 ## - PUBLICATION, DISTRIBUTION, ETC. (IMPRINT)
Place of publication, distribution, etc. London :
Name of publisher, distributor, etc. Heineman,
Date of publication, distribution, etc. c1960
300 ## - PHYSICAL DESCRIPTION
Pagination 384 p. :
Illustrations ill., maps ;
Size 22 cm
504 ## - BIBLIOGRAPHY, ETC. NOTE
Bibliography, etc Includes Bibliography and index
651 #0 - SUBJECT ADDED ENTRY--GEOGRAPHIC NAME
Geographic name Rhodesia and Nyasaland
9 (RLIN) 129512
942 ## - ADDED ENTRY ELEMENTS (KOHA)
Source of classification or shelving scheme Dewey Decimal Classification
Koha item type Books
Holdings
Lost status Source of classification or shelving scheme Damaged status Not for loan Collection code Permanent Location Current Location Shelving location Date acquired Source of acquisition Total Checkouts Full call number Date last seen Copy number Koha item type
  Dewey Decimal Classification     Non-fiction Central Library, University of Rajshahi Central Library, University of Rajshahi   02/01/1979 W. U.S.   916.89 PHV 1960 09/06/2016 C-2 Books